Blink-182 - Enema Of The State Songs - Statistics

General Stats
  • This quiz has been taken 157 times
  • The average score is 10 of 12
Answer Stats
Listens Song % Correct
1,018,938,585 All The Small Things
93%
672,169,162 What's My Age Again?
91%
295,318,306 Adam's Song
88%
73,558,321 Dumpweed
85%
54,545,889 Going Away To College
80%
66,784,195 Aliens Exist
78%
48,035,301 Mutt
77%
31,899,279 Anthem
76%
37,506,772 The Party Song
76%
21,837,114 Wendy Clear
74%
40,491,178 Don't Leave Me
72%
34,096,240 Dysentery Gary
66%
No matching quizzes found
Score Distribution
Percent of People with Each Score
Percentile by Number Answered
Your Score History
You have not taken this quiz